Southville International School and Colleges
Your cart is empty.
  • Cart
  • Lists
    Public lists Eva Luna New books Lux_list list_1
    Your lists Log in to create your own lists
  • Log in to your account
  • Your cookies
  • Search history
Southville International School and Colleges
  • Advanced search
  • Recent comments
  • Most popular
  • Libraries

Log in to your account

Log in with GOOGLE


If you do not have an external account, but do have a local account, you can still log in:

  1. Home
  2. MARC view: Public speaking for psychologists :
Normal view MARC view ISBD view

Public speaking for psychologists : (Record no. 24548)

[ view plain ]
MARC details
000 -LEADER
fixed length control field 00739nam a2200217 a 4500
005 - DATE AND TIME OF LATEST TRANSACTION
control field 20140310183528.0
008 - FIXED-LENGTH DATA ELEMENTS--GENERAL INFORMATION
fixed length control field 111114s19uu xx 00 eng d
020 ## - INTERNATIONAL STANDARD BOOK NUMBER
International Standard Book Number 9781433807305
050 ## - LIBRARY OF CONGRESS CALL NUMBER
Classification number PN 4192.P79
Item number .F45 2010
100 ## - MAIN ENTRY--PERSONAL NAME
Personal name Feldman, David B.
245 ## - TITLE STATEMENT
Title Public speaking for psychologists :
Remainder of title a lighthearted guide to research presentations, job talks, and other opportunities to embarass yourself /
Statement of responsibility, etc David B. Feldman and Paul J. Silvia.
250 ## - EDITION STATEMENT
Edition statement 1st ed.
260 ## - PUBLICATION, DISTRIBUTION, ETC. (IMPRINT)
Place of publication, distribution, etc Washington DC :
Name of publisher, distributor, etc American Psychological Association,
Date of publication, distribution, etc 2010.
300 ## - PHYSICAL DESCRIPTION
Extent 160 p. :
Dimensions 20 cm.
521 ## - TARGET AUDIENCE NOTE
Target audience note
650 ## - SUBJECT ADDED ENTRY--TOPICAL TERM
Topical term or geographic name as entry element Public speaking
650 ## - SUBJECT ADDED ENTRY--TOPICAL TERM
Topical term or geographic name as entry element Psychologists
700 ## - ADDED ENTRY--PERSONAL NAME
Personal name Silvia, Paul J.
942 ## - ADDED ENTRY ELEMENTS (KOHA)
Koha item type Books
Source of classification or shelving scheme Library of Congress Classification
Call number prefix Foreign
Holdings
Withdrawn status Lost status Source of classification or shelving scheme Damaged status Home library Current library Shelving location Date acquired Source of acquisition Cost, normal purchase price Total Checkouts Full call number Barcode Date last seen Copy number Price effective from Koha item type
    Library of Congress Classification   College Library College Library General Circulation Section 11/14/2011 Donation 2546.00   PN 4192.P79 .F45 2010 C12730 05/15/2018 1 10/18/2013 Books

Public speaking for psychologists :

APA

Feldman D. B., Silvia P. J., . (2010). Public speaking for psychologists. Washington DC: American Psychological Association.

Chicago

Feldman David B, Silvia Paul J, . 2010. Public speaking for psychologists. Washington DC: American Psychological Association.

Harvard

Feldman D. B., Silvia P. J., . (2010). Public speaking for psychologists. Washington DC: American Psychological Association.

MLA

Feldman David B, Silvia Paul J, . Public speaking for psychologists. Washington DC: American Psychological Association. 2010.

  • Place hold
  • Print
  • Cite
  • Add to your cart (remove)
  • Save record
    BIBTEX Dublin Core MARCXML MARC (non-Unicode/MARC-8) MARC (Unicode/UTF-8) MARC (Unicode/UTF-8, Standard) MODS (XML) RIS
  • More searches
    Search for this title in:
    Other Libraries (WorldCat) Other Databases (Google Scholar) Online Stores (Bookfinder.com) Open Library (openlibrary.org)

Exporting to Dublin Core...

SOUTHVILLE LIBRARY

Southville International School and Colleges Library

1281 Tropical Ave. Cor. Luxembourg St., BF Homes International, Las Pinas City

Tel. No. 8256374 / 252358 Loc. 117/146

Powered by Koha